000 003640000a22001330004500
041 0 _aSPA
082 0 4 _aG 861.62 S4875m
245 1 0 _aLas mejores poesías cristianas españolas / Antonio Serrano, Compilador
260 _aLoa Angeles, CA., USA : Sociedad Misionera Interamericana
300 _a203 Pag
650 1 4 _aPOESIA RELIGIOSA
001 5759
942 _cBK
999 _c36131
_d36131